000 01060nam a22002657a 4500
003 URS
005 20250315191112.0
008 250315t2023 ph ||||| |||| 00| 0 eng d
020 _a978-621-451-036-8
040 _aDLC
_beng
_cDLC
_dDLC
_dURS
_erda
082 _a371,1006
_bl56782023
100 _4Author
_aCorpuz . Brenda. B
245 _aLet Comprehensive Reviewer;
_cNelia G. Prieto
264 _aPhilippines
_bLorimar Publishing Inc.
_c2023
300 _avi,202
_c25. cm
_ghttp://opac.urs.edu.ph:8080/cgi-bin/koha/cataloguing/addbiblio.pl?frameworkcode=#tab4XX_panel
336 _2rdacontent
_atext
_btxt
337 _2rdamedia
_aunmediated
_bn
338 _2rdacarrier
_avolume
_bnc
504 _aindicates bibliographical references[pages 201-202]
650 _a1.Teachers--Philippines. Examinations. questions etc.
700 _4Author
_aBilbao Purita P
700 _4Author
_aBorobo Milagros. L. Din Heidi ,Grace B. Rosano ,Daisy A.
700 _4Author
_aBoholano .Helen B. Faltado 111 . Ruben E. Olvido Michelle ,Mae J.
942 _2ddc
_cF
999 _c82378
_d82377